| 000 | 01097cad a22002055a 4500 | ||
|---|---|---|---|
| 001 | E155053 | ||
| 008 | 120221s2011 xxk s000 0 eng u | ||
| 035 | _a(Sirsi) u155053 | ||
| 041 | _aeng | ||
| 050 | 0 | 4 | _a692.209411 $2 18 |
| 110 | 2 |
_aScotland _bScottish Government _95344 |
|
| 245 | 0 | 4 |
_aThe Scottish Building Standards technical handbook _bdomestic _h[electronic resource] |
| 260 |
_aEdinburgh _bScottish Government _c2011 |
||
| 520 | _aProvides guidance on the requirements of the provisions of the building regulations under a notice given in accordance with Section 4(2) of the Building (Scotland) Act 2003. The handbooks are available in two volumes, one for domestic buildings and one for non-domestic buildings. This revised edition of the Technical Handbook will come into force in October 2011. | ||
| 650 | _aBUILDING (SCOTLAND) ACT 2003 | ||
| 651 | 4 |
_aScotland _y1999- |
|
| 690 | _aBUILT ENVIRONMENT-BUILDING STANDARDS | ||
| 856 | 4 | 0 |
_uhttps://www.scotland.gov.uk/Resource/Doc/217736/0121480.pdf _zView the handbook free of charge (PDF file) at www.scotland.gov.uk... |
| 942 | _n0 | ||
| 999 |
_c113302 _d113302 |
||